000 00338nam a2200133Ia 4500
008 151001s9999||||xx |||||||||||||| ||und||
100 _aअरुण शेवते
245 _aउरतात त्या आठवणी
250 _a1
260 _bदिलीप
260 _c2002
300 _a198
365 _b21
999 _c981361
_d981358